INTRODUCCION A LA BIOTECNOLOGIA (Registro nro. 58626)
[ vista simple ]
| 000 -LEADER | |
|---|---|
| fixed length control field | 00734nam a2200205 a 4500 |
| 001 - CONTROL NUMBER | |
| control field | 58626 |
| 005 - DATE AND TIME OF LATEST TRANSACTION | |
| control field | 20180714055307.0 |
| 008 - FIXED-LENGTH DATA ELEMENTS--GENERAL INFORMATION | |
| fixed length control field | 140415s2010 sp 000 0 spa d |
| 020 ## - INTERNATIONAL STANDARD BOOK NUMBER | |
| International Standard Book Number | 9788478291175 |
| 041 ## - LANGUAGE CODE | |
| Language code of text/sound track or separate title | spa |
| 082 ## - DEWEY DECIMAL CLASSIFICATION NUMBER | |
| Classification number | 660.6 |
| Item number | THI |
| 100 1# - MAIN ENTRY--PERSONAL NAME | |
| Personal name | THIEMAN, WILLIAM J. |
| 245 10 - TITLE STATEMENT | |
| Title | INTRODUCCION A LA BIOTECNOLOGIA |
| 250 ## - EDITION STATEMENT | |
| Edition statement | 2a ed. |
| 260 ## - PUBLICATION, DISTRIBUTION, ETC. | |
| Place of publication, distribution, etc. | ESPAÑA : |
| Name of publisher, distributor, etc. | PEARSON EDUCACION, |
| Date of publication, distribution, etc. | 2010 |
| 300 ## - PHYSICAL DESCRIPTION | |
| Extent | 1259 |
| Dimensions | 21.5 x 1.6 x 26.9 |
| 520 ## - SUMMARY, ETC. | |
| Summary, etc. | INTRODUCCION A LA BIOTECONOLOGIA CONTIENE IMPORTANTES NOVEDADES PEDAGŇGICAS, COMO ENLACES A SITIOS WEB, QUE MANTENDRAN AL ESTUDIANTE AL CORRIENTE DE LOS ULTIMOS AVANCES |
| 650 14 - SUBJECT ADDED ENTRY--TOPICAL TERM | |
| Topical term or geographic name entry element | BIOLOGIA MOLECULAR |
| General subdivision | BIOTECNOLOGIA |
| 700 1# - ADDED ENTRY--PERSONAL NAME | |
| Personal name | PALLADINO, MICHAEL A. |
| Relator term | coaut. |
| Withdrawn status | Lost status | Source of classification or shelving scheme | Damaged status | Not for loan | Collection code | Home library | Current library | Shelving location | Date acquired | Source of acquisition | Inventory number | Total Checkouts | Full call number | Barcode | Date last seen | Price effective from | Koha item type |
|---|---|---|---|---|---|---|---|---|---|---|---|---|---|---|---|---|---|
| Dewey Decimal Classification | General | Biblioteca Karol Wojtyla | Biblioteca Karol Wojtyla | Sala general | 03/12/2013 | Compra | 151000000000000000030806 | 660.6 THI 2010 | 88239 | 05/01/2026 | 13/01/2015 | Reserva permanente |